BUBT Library Online Catalog

Marketing Anthology (Record no. 1751)

000 -LEADER
fixed length control field 00548nam a2200193Ia 4500
003 - CONTROL NUMBER IDENTIFIER
control field BUBTL
008 - FIXED-LENGTH DATA ELEMENTS--GENERAL INFORMATION
fixed length control field 151213s9999 xx 000 0 und d
020 ## - INTERNATIONAL STANDARD BOOK NUMBER
International Standard Book Number 0829902554
082 ## - DEWEY DECIMAL CLASSIFICATION NUMBER
Classification number 659.108/ G73m/ 1979
100 ## - MAIN ENTRY--PERSONAL NAME
Personal name Gould, James S.
9 (RLIN) 4493
245 ## - TITLE STATEMENT
Title Marketing Anthology
Statement of responsibility, etc. James S. Gould
260 ## - PUBLICATION, DISTRIBUTION, ETC. (IMPRINT)
Place of publication, distribution, etc. New York
Name of publisher, distributor, etc. West Publishing Company
Date of publication, distribution, etc. c1979
300 ## - PHYSICAL DESCRIPTION
Extent [xv], 326p . :
Other physical details ill. ; 25cm .
650 ## - SUBJECT ADDED ENTRY--TOPICAL TERM
Topical term or geographic name as entry element Marketing
9 (RLIN) 3147
700 ## - ADDED ENTRY--PERSONAL NAME
Personal name James S. Gould
9 (RLIN) 3146
856 ## - ELECTRONIC LOCATION AND ACCESS
Password 0
Logon 0
Link text Download
942 ## - ADDED ENTRY ELEMENTS (KOHA)
Source of classification or shelving scheme
Koha item type Books
Holdings
Withdrawn status Lost status Source of classification or shelving scheme Damaged status Not for loan Collection code Permanent location Current location Shelving location Date acquired Inventory number Total Checkouts Full call number Barcode Date last seen Copy number Price effective from Koha item type
          Non-fiction Bangladesh University of Business and Technology Library Bangladesh University of Business and Technology Library Marketing Stacks 06/10/2020 2538   659.108/GOM BUBTL-20032538 06/10/2020 C-1 06/10/2020 Books

More Information About Library

Library Hours

  • Open: 9.00 am. to 9.00 pm.
  • Only Sunday: 9.00 am. to 6.00 pm.
  • Closed: Holiday

Contact to the University

Bangladesh University of Business and Technology Library

  • Mirpurl-2, 1216.
  • Phone:
  • Fax:
  • E-Mail: admin.library@bubt.edu.bd

Contact to the Library

Contact Person:

Md. Abdul Hakim Shah
Joint Librarian
PABX No:  113
Cell No: 01816332931
E-mail: official: admin.library@bubt.edu.bd
Personal: hakim.shah@bubt.edu.bd


BUBT Library

Copyright © 2021